[Event "TCh-FRA Top 12 2015"]
[Site "Montpellier FRA"]
[Date "2015.05.31"]
[Round "2.1"]
[Board "4"]
[White "Cossin, Sebastien"]
[Black "Wirig, Anthony"]
[Result "1/2-1/2"]
[WhiteTitle "IM"]
[BlackTitle "GM"]
[WhiteElo "2516"]
[BlackElo "2496"]
[WhiteTeam "L'ECHIQUIER CHALONNAIS"]
[BlackTeam "METZ FISCHER"]
[WhiteFideId "618802"]
[BlackFideId "615013"]
[EventDate "2015.05.30"]

1. d4 Nf6 2. c4 e6 3. Nf3 Bb4+ 4. Nbd2 b6 5. a3 Bxd2+ 6. Qxd2 Bb7 7. e3 d6 8.
Be2 Nbd7 9. O-O O-O 10. b4 Ne4 11. Qc2 f5 12. Bb2 Ng5 13. Nxg5 Qxg5 14. d5 Nf6
15. f4 Qg6 16. Rf3 Qe8 17. Rg3 Rf7 18. Bd3 exd5 19. Bxf5 Ne4 20. Bxe4 Qxe4 21.
Qc3 d4 22. Qxd4 Qxd4 23. Bxd4 a5 24. c5 axb4 25. axb4 Rxa1+ 26. Bxa1 bxc5 27.
bxc5 g6 28. h4 Rf5 29. Bd4 Be4 30. Kf2 Rd5 31. Rg5 Rxg5 32. hxg5 Kf7 33. g4 1/2-1/2

[Event "TCh-FRA Top 12 2015"]
[Site "Montpellier FRA"]
[Date "2015.05.31"]
[Round "2.1"]
[Board "5"]
[White "Koch, Jean-Rene"]
[Black "Velten, Paul"]
[Result "0-1"]
[WhiteTitle "IM"]
[BlackTitle "IM"]
[WhiteElo "2452"]
[BlackElo "2457"]
[WhiteTeam "METZ FISCHER"]
[BlackTeam "L'ECHIQUIER CHALONNAIS"]
[WhiteFideId "600148"]
[BlackFideId "681091"]
[EventDate "2015.05.30"]

1. c4 e5 2. g3 Nc6 3. Nc3 Bc5 4. Bg2 d6 5. e3 Bf5 6. a3 Nf6 7. b4 Bb6 8. d3 Qd7
9. h3 h5 10. Nge2 Nd8 11. d4 c6 12. e4 exd4 13. Nxd4 Bg6 14. O-O O-O 15. Bg5
Bxd4 16. Qxd4 Ne6 17. Qd2 Nxg5 18. Qxg5 Qe6 19. Rac1 Rfe8 20. Rfd1 Rad8 21. Rd4
b6 22. b5 Nh7 23. Qf4 c5 24. Rdd1 Qxc4 25. Rxd6 Nf8 26. Rxd8 Rxd8 27. Nd5 Qxb5
28. Ne7+ Kh7 29. Nxg6 fxg6 30. e5 Ne6 31. Qe4 Qb2 32. Rf1 Rd2 33. a4 Re2 34. Qb7
Rxe5 35. Qxa7 c4 36. Qb8 Qd4 37. Kh2 c3 38. f4 Re2 39. f5 gxf5 40. Qe8 g6 41.
Qe7+ Qg7 42. Qb4 Qb7 43. Rg1 Qc7 44. Qb5 Re3 45. Kh1 Nd4 0-1

[Event "TCh-FRA Top 12 2015"]
[Site "Montpellier FRA"]
[Date "2015.05.31"]
[Round "2.1"]
[Board "6"]
[White "Favarel, Antoine"]
[Black "Terrieux, Kevin"]
[Result "1/2-1/2"]
[WhiteTitle "FM"]
[BlackTitle "IM"]
[WhiteElo "2374"]
[BlackElo "2439"]
[WhiteTeam "L'ECHIQUIER CHALONNAIS"]
[BlackTeam "METZ FISCHER"]
[WhiteFideId "642371"]
[BlackFideId "622591"]
[EventDate "2015.05.30"]

1. c4 c5 2. g3 Nc6 3. Bg2 Nf6 4. Nc3 d6 5. a3 e6 6. e4 Be7 7. Nge2 O-O 8. O-O
Bd7 9. d3 a6 10. h3 Rb8 11. a4 Ne8 12. f4 Nc7 13. f5 Ne5 14. fxe6 fxe6 15. Rxf8+
Qxf8 16. b3 b5 17. axb5 axb5 18. Nf4 bxc4 19. bxc4 Nc6 20. Bd2 Bf6 21. Rb1 Nb4
22. Be1 Qe8 23. h4 Bxc3 24. Bxc3 e5 25. Nd5 Ncxd5 26. cxd5 Ba4 27. Qd2 Rb7 28.
Rb2 Qb8 29. Bh3 Be8 30. Bg4 h6 31. Kg2 Bf7 32. Rb1 Na6 33. Ra1 Nc7 34. Rf1 Nb5
35. Ba1 Nd4 36. Bxd4 cxd4 37. Rf2 Ra7 38. Qc2 Ra3 39. Qc6 Ra7 40. Be6 Bxe6 41.
dxe6 1/2-1/2

[Event "TCh-FRA Top 12 2015"]
[Site "Montpellier FRA"]
[Date "2015.05.31"]
[Round "2.1"]
[Board "7"]
[White "Belkhodja, Slim"]
[Black "Dourerassou, Jonathan"]
[Result "1/2-1/2"]
[WhiteTitle "GM"]
[BlackTitle "IM"]
[WhiteElo "2417"]
[BlackElo "2414"]
[WhiteTeam "METZ FISCHER"]
[BlackTeam "L'ECHIQUIER CHALONNAIS"]
[WhiteFideId "600229"]
[BlackFideId "628050"]
[EventDate "2015.05.30"]

1. e4 c5 2. Nf3 Nc6 3. Bb5 g6 4. O-O Bg7 5. c3 Nf6 6. e5 Nd5 7. d4 cxd4 8. cxd4
Nc7 9. Nc3 Nxb5 10. Nxb5 O-O 11. Bf4 a6 12. Nc3 d6 13. exd6 Bg4 14. dxe7 Qxe7
15. Re1 Qb4 16. h3 Bxf3 17. Qxf3 Nxd4 18. Qe4 Qxb2 19. Rac1 Rac8 20. Nd5 Rxc1
21. Bxc1 Qxa2 22. Bg5 f5 23. Ne7+ Kh8 24. Qxb7 Qa5 25. Rb1 Ne2+ 26. Kh1 Nc3 27.
Bd2 Qa2 28. Bxc3 Bxc3 29. Nd5 Bg7 30. f4 Rd8 31. Re1 a5 32. Qf7 Rf8 33. Re8 Qa3
34. Nf6 Qc1+ 35. Kh2 Qxf4+ 36. Kh1 Qf1+ 37. Kh2 Qf4+ 38. Kh1 1/2-1/2

[Event "TCh-FRA Top 12 2015"]
[Site "Montpellier FRA"]
[Date "2015.05.31"]
[Round "2.1"]
[Board "8"]
[White "De Seroux, Camille"]
[Black "Benmesbah, Natacha"]
[Result "0-1"]
[WhiteTitle "WFM"]
[BlackTitle "WIM"]
[WhiteElo "2115"]
[BlackElo "2199"]
[WhiteTeam "L'ECHIQUIER CHALONNAIS"]
[BlackTeam "METZ FISCHER"]
[WhiteFideId "1305620"]
[BlackFideId "642002"]
[EventDate "2015.05.30"]

1. e4 c5 2. Nf3 Nc6 3. d4 cxd4 4. Nxd4 e5 5. Nb5 d6 6. N1c3 a6 7. Na3 Be7 8. Be3
Nf6 9. Nc4 b5 10. Nb6 Rb8 11. Nxc8 Qxc8 12. Be2 O-O 13. O-O Rd8 14. a3 Qb7 15.
f3 Rd7 16. Kh1 Bd8 17. Nd5 Nxd5 18. Qxd5 Bb6 19. Bxb6 Qxb6 20. c3 Ne7 21. Qb3 d5
22. Rad1 Rbd8 23. a4 Ng6 24. exd5 Nf4 25. Bd3 Rxd5 26. Be4 Rd2 27. g3 Qf2 0-1

[Event "TCh-FRA Top 12 2015"]
[Site "Montpellier FRA"]
[Date "2015.05.31"]
[Round "2.2"]
[Board "1"]
[White "Solodovnichenko, Yuri"]
[Black "Giri, Anish"]
[Result "1-0"]
[WhiteTitle "GM"]
[BlackTitle "GM"]
[WhiteElo "2592"]
[BlackElo "2776"]
[WhiteTeam "VANDOEUVRE-ECHECS"]
[BlackTeam "BISCHWILLER"]
[WhiteFideId "14104369"]
[BlackFideId "24116068"]
[EventDate "2015.05.30"]

1. e4 e6 2. d4 d5 3. Nc3 Bb4 4. Ne2 Nc6 5. a3 Ba5 6. b4 Bb6 7. Bb2 Nge7 8. g3 h5
9. Bg2 h4 10. O-O hxg3 11. hxg3 dxe4 12. Nxe4 Nf5 13. c4 Bxd4 14. Nxd4 Ncxd4 15.
Re1 e5 16. Nc5 f6 17. Nxb7 Bxb7 18. Bxb7 Rb8 19. Be4 Kf8 20. Qd3 g6 21. Rad1 c5
22. Bxf5 gxf5 23. Bxd4 cxd4 24. Qxf5 Kg7 25. Re4 Rh6 26. f4 Qc8 27. Qxc8 Rxc8
28. c5 Rch8 29. Kg2 Rh2+ 30. Kf3 Ra2 31. fxe5 Rxa3+ 32. Kf4 fxe5+ 33. Kxe5 Re8+
34. Kf4 Rf8+ 35. Kg4 d3 36. Rd4 a5 37. b5 Rc3 38. Rd5 Rc4+ 39. Kg5 Rf3 40. b6
Rxg3+ 41. Kf5 Kf7 42. b7 Rf3+ 43. Ke5 Re3+ 44. Kd6 Re6+ 45. Kc7 Re7+ 46. Kb8 1-0

[Event "TCh-FRA Top 12 2015"]
[Site "Montpellier FRA"]
[Date "2015.05.31"]
[Round "2.2"]
[Board "2"]
[White "Naiditsch, Arkadij"]
[Black "Donchenko, Alexander"]
[Result "0-1"]
[WhiteTitle "GM"]
[BlackTitle "IM"]
[WhiteElo "2720"]
[BlackElo "2570"]
[WhiteTeam "BISCHWILLER"]
[BlackTeam "VANDOEUVRE-ECHECS"]
[WhiteFideId "4650891"]
[BlackFideId "24603295"]
[EventDate "2015.05.30"]

1. e4 c6 2. d4 d5 3. e5 Bf5 4. Nf3 e6 5. Be2 Nd7 6. O-O Ne7 7. Nbd2 Nc8 8. Re1
Be7 9. Nf1 Bg6 10. Bd3 c5 11. dxc5 Bxc5 12. Ng3 Qb6 13. Re2 Ne7 14. c3 Qc7 15.
Bg5 Nc6 16. Bxg6 hxg6 17. Qa4 a6 18. Rae1 Rc8 19. h4 Ne7 20. Qf4 Nf5 21. Nf1 Ba7
22. g4 Nh6 23. Nd4 Nc5 24. Qf3 Ne4 25. Nd2 Nxg5 26. hxg5 Ng8 27. Qe3 Rh4 28. Qg3
Rh7 29. f4 Ne7 30. Nf3 Kd7 31. Rh2 Rxh2 32. Qxh2 Qc4 33. a3 Qd3 34. Kg2 Nc6 35.
Nxc6 Qc2+ 36. Kg3 Qxh2+ 37. Kxh2 bxc6 38. Kg3 Rh8 39. c4 a5 40. b4 Rb8 41. cxd5
cxd5 42. bxa5 Rb3 43. Ra1 Kc6 44. Rc1+ Kd7 45. Ra1 Be3 46. a6 Kc6 47. Rh1 d4 48.
Rh8 d3 49. Rc8+ Kd7 50. Rf8 Ke7 51. Rh8 Rxa3 52. Rh1 Ra4 53. Rd1 Bxf4+ 54. Kh4
Ra3 55. Rb1 d2 56. Nxd2 Bxd2 0-1

[Event "TCh-FRA Top 12 2015"]
[Site "Montpellier FRA"]
[Date "2015.05.31"]
[Round "2.2"]
[Board "3"]
[White "Brunner, Nicolas"]
[Black "Bacrot, Etienne"]
[Result "1/2-1/2"]
[WhiteTitle "IM"]
[BlackTitle "GM"]
[WhiteElo "2432"]
[BlackElo "2704"]
[WhiteTeam "VANDOEUVRE-ECHECS"]
[BlackTeam "BISCHWILLER"]
[WhiteFideId "620246"]
[BlackFideId "605506"]
[EventDate "2015.05.30"]

1. d4 f5 2. g3 Nf6 3. Bg2 g6 4. c4 Bg7 5. Nf3 O-O 6. O-O d6 7. Nc3 c6 8. Rb1 Ne4
9. Qc2 Nxc3 10. bxc3 e5 11. dxe5 dxe5 12. Ba3 Rf7 13. Rfd1 Nd7 14. e4 Qe8 15.
Qe2 f4 16. Bh3 Bf6 17. c5 Nf8 18. Bxc8 Rxc8 19. Nd2 Qe6 20. Nc4 Rcc7 1/2-1/2

[Event "TCh-FRA Top 12 2015"]
[Site "Montpellier FRA"]
[Date "2015.05.31"]
[Round "2.2"]
[Board "4"]
[White "Schlosser, Philipp"]
[Black "Bailet, Pierre"]
[Result "1-0"]
[WhiteTitle "GM"]
[BlackTitle "IM"]
[WhiteElo "2577"]
[BlackElo "2519"]
[WhiteTeam "BISCHWILLER"]
[BlackTeam "VANDOEUVRE-ECHECS"]
[WhiteFideId "4600169"]
[BlackFideId "655830"]
[EventDate "2015.05.30"]

1. c4 e5 2. g3 Nf6 3. Bg2 Nc6 4. Nc3 Bc5 5. e3 d5 6. cxd5 Nb4 7. d3 Nbxd5 8.
Nxd5 Nxd5 9. Nf3 Qe7 10. O-O O-O 11. a3 Rd8 12. b4 Bb6 13. Bb2 e4 14. Nd4 Nf6
15. dxe4 Nxe4 16. Qc2 Re8 17. a4 a5 18. b5 h5 19. h3 Bd7 20. Rad1 Rad8 21. Rd3
Bc8 22. Rfd1 Ng5 23. h4 Ne4 24. Bf3 g6 25. Ne2 Rxd3 26. Rxd3 Bf5 27. Nf4 Nf6 28.
Qc3 c6 29. bxc6 bxc6 30. Bxc6 1-0

[Event "TCh-FRA Top 12 2015"]
[Site "Montpellier FRA"]
[Date "2015.05.31"]
[Round "2.2"]
[Board "5"]
[White "Hamitevici, Vladimir"]
[Black "Edouard, Romain"]
[Result "0-1"]
[WhiteTitle "IM"]
[BlackTitle "GM"]
[WhiteElo "2429"]
[BlackElo "2627"]
[WhiteTeam "VANDOEUVRE-ECHECS"]
[BlackTeam "BISCHWILLER"]
[WhiteFideId "13902393"]
[BlackFideId "633429"]
[EventDate "2015.05.30"]

1. Nf3 d5 2. c4 d4 3. g3 Nc6 4. Bg2 e5 5. d3 Nf6 6. O-O a5 7. e3 Bc5 8. exd4
Bxd4 9. Nxd4 Nxd4 10. Re1 O-O 11. Nc3 Re8 12. h3 c6 13. f4 exf4 14. Rxe8+ Qxe8
15. Bxf4 Bf5 16. g4 Bg6 17. Qd2 Rd8 18. Bc7 Rd7 19. Bxa5 Qa8 20. Na4 Ne2+ 21.
Qxe2 Qxa5 22. b3 Rxd3 23. Rd1 Rxd1+ 24. Qxd1 h5 25. gxh5 Nxh5 26. c5 Nf4 27. a3
Bh5 28. Bf3 Nxh3+ 29. Kh2 Bxf3 30. Qxf3 Ng5 31. Qf4 Qd2+ 32. Qxd2 Nf3+ 33. Kg3
Nxd2 34. b4 Nc4 35. Kf4 Nxa3 36. Nc3 Kf8 37. Ne4 Nc4 38. Nc3 Ke7 39. b5 Ke6 40.
Ke4 f5+ 41. Kd4 Ne5 0-1

[Event "TCh-FRA Top 12 2015"]
[Site "Montpellier FRA"]
[Date "2015.05.31"]
[Round "2.2"]
[Board "6"]
[White "Le Roux, Jean-Pierre"]
[Black "Le Corre, Benjamin"]
[Result "1-0"]
[WhiteTitle "GM"]
[BlackTitle "FM"]
[WhiteElo "2546"]
[BlackElo "2307"]
[WhiteTeam "BISCHWILLER"]
[BlackTeam "VANDOEUVRE-ECHECS"]
[WhiteFideId "609404"]
[BlackFideId "639605"]
[EventDate "2015.05.30"]

1. Nf3 Nf6 2. g3 g6 3. b3 Bg7 4. Bb2 O-O 5. Bg2 c5 6. c4 Nc6 7. O-O d6 8. Nc3 e5
9. d3 Re8 10. Nd2 Be6 11. Nde4 Rf8 12. a3 Ne8 13. Nd5 Bxd5 14. cxd5 Ne7 15. b4
cxb4 16. Qb3 h6 17. axb4 Qb6 18. Nd2 Kh7 19. Nc4 Qd8 20. e4 Nc7 21. b5 a6 22. b6
Nb5 23. f4 f6 24. fxe5 dxe5 25. Ba3 Qd7 26. Bb4 Rg8 27. h4 g5 28. hxg5 hxg5 29.
Qd1 Kg6 30. Ra2 Nd4 31. Bf3 f5 32. exf5+ Nexf5 33. Be4 Bf6 34. Raf2 1-0

[Event "TCh-FRA Top 12 2015"]
[Site "Montpellier FRA"]
[Date "2015.05.31"]
[Round "2.2"]
[Board "7"]
[White "Nezar, Mustapha"]
[Black "Netzer, Jean"]
[Result "0-1"]
[WhiteTitle "IM"]
[BlackTitle "IM"]
[WhiteElo "2382"]
[BlackElo "2396"]
[WhiteTeam "VANDOEUVRE-ECHECS"]
[BlackTeam "BISCHWILLER"]
[WhiteFideId "608637"]
[BlackFideId "623350"]
[EventDate "2015.05.30"]

1. e4 c5 2. Nf3 e6 3. d4 cxd4 4. Nxd4 Nc6 5. Nc3 Qc7 6. Be3 a6 7. Qd2 Nf6 8. f3
Be7 9. O-O-O b5 10. g4 Nxd4 11. Qxd4 Bb7 12. g5 Nh5 13. Rg1 Rc8 14. Rd2 Bc5 15.
Qxc5 Qxc5 16. Bxc5 Rxc5 17. Ne2 h6 18. h4 hxg5 19. hxg5 g6 20. a3 Ke7 21. b4
Rcc8 22. Bg2 d5 23. exd5 Bxd5 24. Rh1 Rhd8 25. Rh4 Bb3 26. Rhd4 Rxd4 27. Nxd4
Bd5 28. Bf1 Rc3 29. Kb2 Re3 30. c3 Nf4 31. a4 e5 32. Ne2 Nd3+ 33. Ka3 Bc4 34.
axb5 axb5 35. Ng3 Rxf3 36. Bxd3 Bxd3 37. Nh1 Bc4 38. Kb2 e4 0-1

[Event "TCh-FRA Top 12 2015"]
[Site "Montpellier FRA"]
[Date "2015.05.31"]
[Round "2.2"]
[Board "8"]
[White "Maisuradze, Nino"]
[Black "Steil-Antoni, Fiona"]
[Result "1/2-1/2"]
[WhiteTitle "WGM"]
[BlackTitle "WIM"]
[WhiteElo "2279"]
[BlackElo "2094"]
[WhiteTeam "BISCHWILLER"]
[BlackTeam "VANDOEUVRE-ECHECS"]
[WhiteFideId "13601717"]
[BlackFideId "4001249"]
[EventDate "2015.05.30"]

1. d4 d5 2. c4 e6 3. Nc3 Be7 4. Bf4 Nf6 5. e3 O-O 6. h3 b6 7. cxd5 Nxd5 8. Bg3
c5 9. Nf3 Nc6 10. Bc4 cxd4 11. exd4 Bb7 12. O-O Na5 13. Bd3 Rc8 14. Rc1 Nxc3 15.
bxc3 Ba3 16. Rc2 Bc6 17. Qe2 Ba4 18. Bh4 Qd5 19. c4 Qh5 20. Rc3 Bb4 21. Rcc1 Ba3
22. Rc3 1/2-1/2

[Event "TCh-FRA Top 12 2015"]
[Site "Montpellier FRA"]
[Date "2015.05.31"]
[Round "2.3"]
[Board "1"]
[White "Duda, Jan-Krzysztof"]
[Black "Feller, Sebastien"]
[Result "1-0"]
[WhiteTitle "GM"]
[BlackTitle "GM"]
[WhiteElo "2610"]
[BlackElo "2626"]
[WhiteTeam "C-E BOIS-COLOMBES"]
[BlackTeam "EVRY GRAND ROQUE"]
[WhiteFideId "1170546"]
[BlackFideId "634654"]
[EventDate "2015.05.30"]

1. e4 e5 2. Nf3 Nc6 3. Bb5 Nf6 4. d3 d6 5. c3 g6 6. O-O Bg7 7. Re1 O-O 8. h3 Bd7
9. a4 Re8 10. Bg5 h6 11. Bxf6 Qxf6 12. Nbd2 a6 13. Bc4 Nd8 14. Nf1 Ne6 15. a5
Nf4 16. Ne3 c6 17. h4 Rad8 18. g3 Nh5 19. Nh2 Bc8 20. Ba2 Rf8 21. Qe2 Kh8 22.
Rad1 Qe7 23. Rd2 Nf6 24. Ng2 Qc7 25. b4 d5 26. Nf1 Bg4 27. f3 Bc8 28. Kh2 d4 29.
Rc1 Qe7 30. Rb2 Nh5 31. c4 f5 32. exf5 Rxf5 33. b5 Rdf8 34. bxa6 bxa6 35. Nd2
Qc7 36. Qe4 R5f6 37. g4 Nf4 38. Rcb1 Nxd3 39. g5 Re6 40. c5 Nxc5 41. Qc2 e4+ 42.
f4 Nd3 43. Bxe6 Nxf4 44. gxh6 Be5 45. Kh1 Bxe6 46. Rb7 Qd6 47. Nxe4 Qd5 48. Ng5
d3 49. Qf2 Bc8 50. Re7 d2 51. Rxe5 Qxe5 52. Qa7 Bb7 53. Qxb7 1-0

[Event "TCh-FRA Top 12 2015"]
[Site "Montpellier FRA"]
[Date "2015.05.31"]
[Round "2.3"]
[Board "2"]
[White "Fedorchuk, Sergey A."]
[Black "Ipatov, Alexander"]
[Result "1/2-1/2"]
[WhiteTitle "GM"]
[BlackTitle "GM"]
[WhiteElo "2657"]
[BlackElo "2612"]
[WhiteTeam "EVRY GRAND ROQUE"]
[BlackTeam "C-E BOIS-COLOMBES"]
[WhiteFideId "14102536"]
[BlackFideId "14116731"]
[EventDate "2015.05.30"]

1. e4 e5 2. Nf3 Nf6 3. Nxe5 d6 4. Nf3 Nxe4 5. Nc3 Nxc3 6. dxc3 Be7 7. Be3 Nc6 8.
Qd2 Be6 9. O-O-O Qd7 10. Kb1 h6 11. Bd3 Bf6 1/2-1/2

[Event "TCh-FRA Top 12 2015"]
[Site "Montpellier FRA"]
[Date "2015.05.31"]
[Round "2.3"]
[Board "3"]
[White "Cornette, Matthieu"]
[Black "Battaglini, Gabriel"]
[Result "1/2-1/2"]
[WhiteTitle "GM"]
[BlackTitle "IM"]
[WhiteElo "2590"]
[BlackElo "2451"]
[WhiteTeam "C-E BOIS-COLOMBES"]
[BlackTeam "EVRY GRAND ROQUE"]
[WhiteFideId "620084"]
[BlackFideId "621650"]
[EventDate "2015.05.30"]

1. c4 e5 2. Nc3 Nc6 3. Nf3 Nf6 4. e3 Be7 5. Qb3 O-O 6. Be2 h6 7. d3 d6 8. O-O b6
9. Nd5 Re8 10. Bd2 e4 11. Ne1 exd3 12. Bf3 Nxd5 13. Bxd5 Bd7 14. c5 Rf8 15. cxd6
Bxd6 16. Rc1 Qe8 17. Nxd3 Rd8 18. Bc3 Ne7 19. Bf3 Ba4 20. Qc4 1/2-1/2

[Event "TCh-FRA Top 12 2015"]
[Site "Montpellier FRA"]
[Date "2015.05.31"]
[Round "2.3"]
[Board "4"]
[White "Moussard, Jules"]
[Black "Shoker, Samy"]
[Result "0-1"]
[WhiteTitle "IM"]
[BlackTitle "GM"]
[WhiteElo "2444"]
[BlackElo "2484"]
[WhiteTeam "EVRY GRAND ROQUE"]
[BlackTeam "C-E BOIS-COLOMBES"]
[WhiteFideId "642908"]
[BlackFideId "627143"]
[EventDate "2015.05.30"]

1. e4 d6 2. d4 Nf6 3. Nc3 g6 4. Nf3 Bg7 5. Be3 a6 6. Bd3 Bg4 7. h3 Bxf3 8. Qxf3
Nc6 9. O-O-O e5 10. dxe5 Nxe5 11. Qe2 O-O 12. f4 Nxd3+ 13. Qxd3 Re8 14. Rhe1 b5
15. Bd4 b4 16. Na4 Qe7 17. g4 a5 18. e5 dxe5 19. Bxe5 Rad8 20. Qb5 g5 21. Rxd8
Rxd8 22. Qxa5 Nd5 23. Qc5 Qe8 24. Rd1 Nxf4 25. Rxd8 Qxd8 26. Bxf4 gxf4 27. Qf5
Qe8 28. Qd3 f3 29. Kd1 f2 30. Qf1 Qxa4 0-1

[Event "TCh-FRA Top 12 2015"]
[Site "Montpellier FRA"]
[Date "2015.05.31"]
[Round "2.3"]
[Board "5"]
[White "Maze, Sebastien"]
[Black "Relange, Eloi"]
[Result "1/2-1/2"]
[WhiteTitle "GM"]
[BlackTitle "GM"]
[WhiteElo "2572"]
[BlackElo "2468"]
[WhiteTeam "C-E BOIS-COLOMBES"]
[BlackTeam "EVRY GRAND ROQUE"]
[WhiteFideId "613762"]
[BlackFideId "600822"]
[EventDate "2015.05.30"]

1. e4 c5 2. Nf3 e6 3. d4 cxd4 4. Nxd4 a6 5. c4 Nf6 6. Nc3 d6 7. Be2 b6 8. O-O
Bb7 9. f3 Be7 10. Be3 O-O 11. a4 Qc7 12. Qd2 Rc8 13. Rfc1 Qd8 14. Bf1 Nfd7 15.
b3 h6 16. Nce2 Bg5 17. Bxg5 hxg5 18. Rd1 Ne5 19. Nc3 Qf6 20. Nde2 Nbc6 21. Qxd6
Rab8 22. Qd2 Nb4 23. Rab1 Rd8 24. Qe3 Ned3 25. Qxb6 Qe5 26. h3 Bxe4 27. Qe3 Bg6 1/2-1/2

[Event "TCh-FRA Top 12 2015"]
[Site "Montpellier FRA"]
[Date "2015.05.31"]
[Round "2.3"]
[Board "6"]
[White "Milliet, Sophie"]
[Black "Koziak, Vitali"]
[Result "0-1"]
[WhiteTitle "IM"]
[BlackTitle "IM"]
[WhiteElo "2369"]
[BlackElo "2467"]
[WhiteTeam "EVRY GRAND ROQUE"]
[BlackTeam "C-E BOIS-COLOMBES"]
[WhiteFideId "623725"]
[BlackFideId "14102234"]
[EventDate "2015.05.30"]

1. e4 e5 2. Nf3 Nc6 3. Bb5 Nf6 4. O-O Nxe4 5. d4 Nd6 6. dxe5 Nxb5 7. a4 d6 8. e6
Bxe6 9. axb5 Ne5 10. Nd4 Bd7 11. f4 Ng6 12. Qf3 Be7 13. Qxb7 O-O 14. Nc6 Bxc6
15. Qxc6 Bf6 16. Qc4 Qd7 17. Nd2 d5 18. Qd3 c5 19. bxc6 Qxc6 20. Nf3 Rfe8 21.
Ra6 Qc5+ 22. Kh1 Re4 23. f5 Ne5 24. Nxe5 Bxe5 25. Bd2 Qc4 26. Qxc4 dxc4 27. Bc3
Bxc3 28. bxc3 Re2 29. h3 Rxc2 30. Rf3 h5 31. Kh2 h4 32. Ra4 a5 33. Rxc4 a4 34.
Rff4 a3 35. Ra4 Rxa4 36. Rxa4 a2 37. Ra8+ Kh7 38. Ra4 g5 39. c4 Kg7 40. Ra6 Kf8
41. f6 Ke8 42. Ra7 Kd8 43. c5 Kc8 44. c6 Kb8 45. Ra6 Kc7 46. Ra8 Re2 47. Ra5
Kxc6 48. Ra8 Kb5 49. Rb8+ Kc4 50. Rc8+ Kb3 0-1

[Event "TCh-FRA Top 12 2015"]
[Site "Montpellier FRA"]
[Date "2015.05.31"]
[Round "2.3"]
[Board "7"]
[White "Dionisi, Thomas"]
[Black "Leroy, Didier"]
[Result "1-0"]
[WhiteTitle "FM"]
[BlackTitle "IM"]
[WhiteElo "2383"]
[BlackElo "2277"]
[WhiteTeam "C-E BOIS-COLOMBES"]
[BlackTeam "EVRY GRAND ROQUE"]
[WhiteFideId "651893"]
[BlackFideId "610950"]
[EventDate "2015.05.30"]

1. e4 e5 2. Nf3 Nc6 3. Bb5 a6 4. Bxc6 dxc6 5. O-O Ne7 6. d4 exd4 7. Nxd4 c5 8.
Nb3 Qxd1 9. Rxd1 Ng6 10. Nc3 Bd6 11. Be3 b6 12. Nd5 Rb8 13. Nd2 b5 14. c4 O-O
15. Rac1 c6 16. Nc3 Ne5 17. b3 Nd3 18. Rb1 Be6 19. Kf1 Rfd8 20. Ne2 f6 21. h3 g5
22. Ng3 Bxg3 23. fxg3 Rd7 24. Ke2 Rbd8 25. g4 Kg7 26. cxb5 cxb5 27. e5 fxe5 28.
Bxg5 Rc8 29. Ne4 c4 30. Ke3 Rd4 31. Bf6+ Kf7 32. Bxe5 Rxe4+ 33. Kxe4 Nf2+ 34.
Kf4 Nxd1 35. Rxd1 cxb3 36. axb3 Rc2 37. Rd6 Rxg2 38. Rxa6 Bxb3 39. Ra7+ Ke6 40.
Rxh7 1-0

[Event "TCh-FRA Top 12 2015"]
[Site "Montpellier FRA"]
[Date "2015.05.31"]
[Round "2.3"]
[Board "8"]
[White "Bergez, Luc"]
[Black "Congiu, Mathilde"]
[Result "0-1"]
[WhiteTitle "IM"]
[BlackTitle "WIM"]
[WhiteElo "2327"]
[BlackElo "2259"]
[WhiteTeam "EVRY GRAND ROQUE"]
[BlackTeam "C-E BOIS-COLOMBES"]
[WhiteFideId "606600"]
[BlackFideId "634581"]
[EventDate "2015.05.30"]

1. d4 Nf6 2. c4 g6 3. Nc3 Bg7 4. e4 d6 5. f3 O-O 6. Be3 c5 7. Nge2 Nc6 8. d5 Ne5
9. Ng3 h5 10. Be2 h4 11. Nf1 e6 12. f4 Nxc4 13. Bxc4 b5 14. Bxb5 exd5 15. exd5
Rb8 16. Rc1 Ng4 17. Be2 Nxe3 18. Nxe3 Re8 19. Nc4 Bd4 20. Kd2 Qf6 21. g3 Bf5 22.
Bg4 Be3+ 23. Nxe3 Qd4+ 24. Ke1 Qxe3+ 25. Be2 hxg3 26. hxg3 Rxb2 27. Rf1 Qxg3+
28. Rf2 Bh3 29. Rc2 Rxc2 30. Qxc2 Qg1+ 31. Kd2 Qxf2 32. Qa4 Qe3+ 33. Kd1 Bf5 34.
Qc4 Rb8 0-1

[Event "TCh-FRA Top 12 2015"]
[Site "Montpellier FRA"]
[Date "2015.05.31"]
[Round "2.4"]
[Board "1"]
[White "Dorfman, Iossif"]
[Black "Wojtaszek, Radoslaw"]
[Result "1/2-1/2"]
[WhiteTitle "GM"]
[BlackTitle "GM"]
[WhiteElo "2574"]
[BlackElo "2746"]
[WhiteTeam "GRASSE ECHECS"]
[BlackTeam "MULHOUSE PHILIDOR"]
[WhiteFideId "604011"]
[BlackFideId "1118358"]
[EventDate "2015.05.30"]

1. c4 e5 2. Nc3 Nf6 3. e3 Bb4 4. Nge2 c6 5. a3 Ba5 6. b4 Bc7 7. d4 exd4 8. Nxd4
O-O 9. Bb2 d5 10. cxd5 cxd5 11. Be2 Nbd7 12. O-O Ne5 13. Qb3 a6 14. Rad1 Qd6 15.
g3 Bh3 16. Rfe1 Rad8 17. Nf3 Be6 18. Nxe5 Qxe5 19. Nxd5 Bxd5 20. Bxe5 Bxb3 21.
Bxc7 Bxd1 22. Bxd8 Bxe2 23. Bxf6 Bf3 24. Bb2 Rd8 25. Rc1 Rd1+ 1/2-1/2

[Event "TCh-FRA Top 12 2015"]
[Site "Montpellier FRA"]
[Date "2015.05.31"]
[Round "2.4"]
[Board "2"]
[White "Navara, David"]
[Black "Szabo, Krisztian1"]
[Result "1-0"]
[WhiteTitle "GM"]
[BlackTitle "GM"]
[WhiteElo "2751"]
[BlackElo "2518"]
[WhiteTeam "MULHOUSE PHILIDOR"]
[BlackTeam "GRASSE ECHECS"]
[WhiteFideId "309095"]
[BlackFideId "722901"]
[EventDate "2015.05.30"]

1. d4 Nf6 2. c4 g6 3. Nc3 Bg7 4. e4 d6 5. Nf3 O-O 6. h3 e5 7. d5 Na6 8. Bg5 Qe8
9. g4 Kh8 10. Be2 Ng8 11. Rg1 Bd7 12. a3 Nc5 13. b4 Na4 14. Rc1 f6 15. Be3 Nxc3
16. Rxc3 a5 17. b5 f5 18. gxf5 gxf5 19. exf5 Bxf5 20. Nh4 Be4 21. Bd3 Rf4 22.
Bxe4 Rxh4 23. Bf5 Ne7 24. Be6 Ng6 25. Qc2 Nf4 26. Bxf4 exf4 27. c5 Rh5 28. Kd2
dxc5 29. Rxg7 Kxg7 30. Rxc5 Qg6 31. Rxc7+ Kh6 32. Qc3 Rf8 33. Rxb7 Rg5 34. Rc7
Rg2 35. Bg4 Rf6 36. Qd4 Rg1 37. Bf3 Qg5 38. h4 Qxh4 39. Qa7 Kg5 40. Rxh7 1-0